| 000 | 01009nam a22003377a 4500 | ||
|---|---|---|---|
| 001 | 0072605 | ||
| 003 | KOHA_MİRAKIL | ||
| 005 | 20260207005101.0 | ||
| 007 | ta | ||
| 008 | 241216b2008 us |||gr||||#0|||1|eng | | ||
| 020 | _a9780194790598 | ||
| 040 |
_aTR-BiSEU _btur _cTR-BiSEU _erda |
||
| 041 | 0 | _aeng | |
| 044 | _cus | ||
| 050 |
_aPE1119 _b.W75 2008 |
||
| 100 | 1 | _aWright, Reg. | |
| 245 | 1 |
_aEar-rings from Frankfurt/ _cReg Wright ; Reg Wright. |
|
| 264 | 1 |
_aNew York : _bOxford University Press _c2008 |
|
| 300 | _a56 pages: illustrated; 21 cm. | ||
| 336 |
_ametin _btxt _2rdacontent |
||
| 337 |
_aaracısız _bn _2rdamedia |
||
| 338 |
_acilt _bnc _2rdacarrier |
||
| 490 | 1 |
_aOxford bookforms ; _v2 |
|
| 650 | 0 |
_aEnglish language--Study and teaching. _940817 |
|
| 650 | 0 |
_aReaders--Stage 2. _973487 |
|
| 650 | 0 |
_aİngiliz dili--Çalışma ve öğretim. _931747 |
|
| 650 | 0 |
_aOkuyucular--Seviye 2. _973485 |
|
| 830 | 1 |
_aOxford bookforms ; _v2 _954671 |
|
| 907 | _aDil | ||
| 942 |
_2lcc _cBK |
||
| 999 |
_c73360 _d73360 |
||